Neurodegenerative parkinsonism
Elmentve itt :
| Szerző: | |
|---|---|
| További közreműködők: | |
| Dokumentumtípus: | Prezentáció |
| Kulcsszavak: | neurológia parkinson-kór |
| Tárgyszavak: | |
| Online Access: | http://eta.bibl.u-szeged.hu/2027 |
| LEADER | 01232nnm a2200325 i 4500 | ||
|---|---|---|---|
| 001 | eta2027 | ||
| 005 | 20211007103821.0 | ||
| 008 | 190718suuuu hu o 0|| eng d | ||
| 040 | |a SZTE Elektronikus Tananyag Archívum |b hun | ||
| 041 | |a eng | ||
| 100 | 1 | |a Klivényi Péter | |
| 245 | 1 | 0 | |a Neurodegenerative parkinsonism |h [elektronikus dokumentum] / |c Klivényi Péter |
| 300 | |a 19 | ||
| 516 | |a Presentation | ||
| 650 | 4 | |a Orvos- és egészségtudomány | |
| 650 | 4 | |a Általános orvostudomány | |
| 650 | 4 | |a Idegtudományok (benne pszichofiziológia) | |
| 650 | 4 | |a Klinikai orvostan | |
| 650 | 4 | |a Klinikai neurológia | |
| 695 | |a neurológia | ||
| 695 | |a parkinson-kór | ||
| 700 | 0 | 1 | |a Vécsei László |
| 700 | 0 | 1 | |a Obál Izabella |
| 700 | 0 | 1 | |a Kincses Zsigmond Tamás |
| 700 | 0 | 1 | |a Zádori Dénes |
| 856 | 4 | 0 | |u https://eta.bibl.u-szeged.hu/2027/1/msa%20angol_KP.ppt |z Dokumentum-elérés |
| 856 | 4 | 0 | |u https://eta.bibl.u-szeged.hu/2027/2/szakertoi%20msa.mp4 |z Dokumentum-elérés |
| 856 | 4 | 0 | |u https://eta.bibl.u-szeged.hu/2027/3/msa1.mp4 |z Dokumentum-elérés |
| 856 | 4 | 0 | |u https://eta.bibl.u-szeged.hu/2027/4/msa2.mp4 |z Dokumentum-elérés |
| 856 | 4 | 0 | |u https://eta.bibl.u-szeged.hu/2027/5/msa3.mp4 |z Dokumentum-elérés |